Statistics for Countries Bordering Austria-Hungary in 1918

Click here to take the quiz!

General Stats

  • This quiz has been taken 1,198 times
    (1,170 since last reset)
  • The average score is 7 of 8

Answer Stats

country% Correct
Germany
98%
Italy
93%
Russia
90%
Serbia
86%
Switzerland
85%
Romania
84%
Liechtenstein
62%
Montenegro
57%

Score Distribution

Percentile by Number Answered

Percent of People with Each Score

Your Score History

You have not taken this quiz since the last reset